Η χορεύτρια του Ίζου

Saved in:
Bibliographic Details
Main Author: Kawabata, Yasunari 1899-1972
Other Authors: Μαθόπουλος, Γιώργος (Translator)
Format: Book
Language:Greek
Japanese
Published: Αθήνα : Εκδόσεις Ερατώ : 2000, c1992.
Subjects:
Tags: Add Tag
No Tags, Be the first to tag this record!

MARC

LEADER 00000cam a2200000 a 4500
001 1/121664
008 200702r20001992gr | ||| |||| ||gre||
020 |a 960229115Χ 
020 |a 9602291153  |q (Σκληρό εξώφυλλο) 
040 |a GR-MyUa  |b gre  |c GR-MyUa  |e AACR2 
041 1 |a gre  |h jpn 
082 7 |a 895.6  |2 (23) 
100 1 |a Kawabata, Yasunari  |d 1899-1972. 
245 1 2 |a Η χορεύτρια του Ίζου /   |c Γιασουνάρι Καβαμπάτα ; μετάφραση Γιώργης Μαθόπουλος.  
260 |a Αθήνα :   |b Εκδόσεις Ερατώ :   |c 2000, c1992.  
300 |a 239 σ. ;   |c 18 εκ.  
500 |a Τίτλος πρωτοτύπου : Izu no odoriko.  
650 0 |a Japanese fiction. 
700 1 |a Μαθόπουλος, Γιώργος,  |e trl 
852 |a INST  |b SAMOS  |e 20200702  |h 895.6 KAW  |p 005300046515  |q 005300046515  |t BK  |y 0 
920 |a Τραγάκη  |b Ζαφειρούλα  |y Σάμος  |z 2019-04 
970 |a Φιλιππή  |b Φάλη  |z 02-07-2020